Ecogeografía: nueva geografía de Chile

Wedi'i Gadw mewn:
Manylion Llyfryddiaeth
Prif Awduron: Cereceda Troncoso, Pilar (Awdur), Errázuriz Korner, Ana María (Awdur)
Fformat: Llyfr
Iaith:Sbaeneg
Cyhoeddwyd: Santiago Zig-Zag 1991
Rhifyn:1a. ed
Pynciau:
Tagiau: Ychwanegu Tag
Dim Tagiau, Byddwch y cyntaf i dagio'r cofnod hwn!

MARC

LEADER 00000cam a2200000 a 4500
001 UCF9342
003 CL-VaPUC
008 131111e19911100cl |||||||||||||||||spa|d
020 |a 9561206373 
082 0 4 |a 918.83  |b CER  |2 21 
100 |a Cereceda Troncoso, Pilar  |e author  |9 570307 
700 |a Errázuriz Korner, Ana María  |e author  |9 307242 
245 1 0 |a Ecogeografía: nueva geografía de Chile 
250 |a 1a. ed 
300 |a 237 p 
942 |c BK 
945 |d 20131111 15:03:00  |a dcastane 
260 |a Santiago  |b Zig-Zag  |c 1991 
650 0 |a Geografía económica   |9 267757 
650 0 |a Geografía humana  |9 267193 
650 0 |a Geografía física   |9 259347 
650 0 |a Recursos naturales  |9 255232 
583 |a last modification  |c 20131111 15:03:00  |k Rodrigo Vera 
999 |c 353793  |d 353791 
952 |0 0  |1 0  |3 erb  |4 0  |6 918_830000000000000_CER_1991  |7 0  |8 A  |9 459183  |a BIBING  |b BIBING  |d 2019-11-23  |i 5026334  |o 918.83 CER 1991  |p 5026334  |r 2025-01-20  |w 2019-11-23  |y BK  |z Catalogado en:20131111  |k GEO